Course of modern analysis: an introduction to the general theory of infinite processes and of analytic functions; with an account of the principal transcendental functions (Record no. 69055)

MARC details
000 -LEADER
fixed length control field 00950nam a2200301Ia 4500
003 - CONTROL NUMBER IDENTIFIER
control field OSt
005 - DATE AND TIME OF LATEST TRANSACTION
control field 20220912151445.0
008 - FIXED-LENGTH DATA ELEMENTS--GENERAL INFORMATION
fixed length control field 220909b |||||||| |||| 00| 0 eng d
020 ## - INTERNATIONAL STANDARD BOOK NUMBER
International Standard Book Number 0521067944 (hbd)
037 ## - SOURCE OF ACQUISITION
Terms of availability Textual
040 ## - CATALOGING SOURCE
Original cataloging agency CSL
Language of cataloging eng
Transcribing agency CSL
041 ## - LANGUAGE CODE
Language code of text/sound track or separate title eng
100 ## - MAIN ENTRY--PERSONAL NAME
Personal name Whittaker E T
245 #0 - TITLE STATEMENT
Title Course of modern analysis: an introduction to the general theory of infinite processes and of analytic functions; with an account of the principal transcendental functions
250 ## - EDITION STATEMENT
Edition statement 4
260 ## - PUBLICATION, DISTRIBUTION, ETC.
Place of publication, distribution, etc. Cambridge
Name of publisher, distributor, etc. Cambridge University Press
Date of publication, distribution, etc. 1927
300 ## - PHYSICAL DESCRIPTION
Extent 608p.
Dimensions cm.
500 ## - GENERAL NOTE
General note Appendix 579-590p.
-- cm.; Index 595-608p.
-- cm.
650 ## - SUBJECT ADDED ENTRY--TOPICAL TERM
Topical term or geographic name entry element Modern analysis
650 ## - SUBJECT ADDED ENTRY--TOPICAL TERM
Topical term or geographic name entry element Mathematics
700 ## - ADDED ENTRY--PERSONAL NAME
Personal name Watson G N
942 ## - ADDED ENTRY ELEMENTS (KOHA)
Classification part B36, D2;G7;1
Koha item type Textual
Source of classification or shelving scheme Colon Classification (CC)
Holdings
Withdrawn status Lost status Damaged status Not for loan Home library Current library Date acquired Total Checkouts Full call number Barcode Date last seen Price effective from Koha item type
        Central Science Library Central Science Library 2022-09-12   B36 D2;G7;1 SL0955183 2022-09-12 2022-09-12 Textual
Copyright @ Delhi University Library System